000
00288nam a2200109Ia 4500
008
200302s9999 xx 000 0 und d
100
_a
Katherine Benzel
245
_a
The Room in Context Design Beyond Boundaries
260
_b
Tata Mcgraw-Hill Com. Ltd.
260
_c
1997
300
_a
388 P.,
999
_c
2419
_d
2419